[Event "ESP-ch"]
[Site "Linares"]
[Date "1998.08.12"]
[Round "1"]
[White "Jimenez Bernal, Francisco"]
[Black "Gual Pascual, Antonio"]
[Result "0-1"]
[WhiteElo "2080"]
[BlackElo "2420"]
[PlyCount "72"]
[EventDate "1998.08.??"]
[EventType "swiss"]
[EventRounds "9"]
[EventCountry "ESP"]
[SourceTitle "EXT 1999"]
[Source "ChessBase"]
[SourceDate "1998.11.16"]
[SourceVersion "1"]
[SourceVersionDate "1998.11.16"]
[SourceQuality "1"]

1. c4 e5 2. Nc3 Nc6 3. Nf3 f5 4. d4 e4 5. Ng5 Bb4 6. Nh3 Nf6 7. e3 Bxc3+ 8. bxc3 d6 9. Nf4 0-0 10. h4 Qe8 11. c5 Qf7 12. Ba3 Rd8 13. cxd6 cxd6 14. c4 b6 15. Be2 Na5 16. d5 Ba6 17. Qd4 Rdc8 18. Rc1 Qe7 19. Ne6 Nb7 20. f4 Nc5 21. Bxc5 bxc5 22. Qc3 Rcb8 23. Kd2 Bc8 24. Ng5 Rb4 25. Rb1 Rab8 26. Kc2 h6 27. Nh3 Ba6 28. Rxb4 Rxb4 29. a3 Rb6 30. Rd1 Qe8 31. Qa5 Qg6 32. Bf1 Ng4 33. Qc3 Qe8 34. Rb1 Qa4+ 35. Rb3 Rxb3 36. Qxb3 Nxe3+ 0-1

[Event "Jaen-ch"]
[Site "Linares"]
[Date "1997.??.??"]
[Round "7"]
[White "Marti Cruz, Joaquin"]
[Black "Jimenez Bernal, Francisco"]
[Result "0-1"]
[WhiteElo "2175"]
[BlackElo "2070"]
[PlyCount "130"]
[EventDate "1997.12.??"]
[EventType "swiss"]
[EventRounds "7"]
[EventCountry "ESP"]
[SourceTitle "EXT 2000"]
[Source "ChessBase"]
[SourceDate "1999.11.16"]
[SourceVersion "1"]
[SourceVersionDate "1999.11.16"]
[SourceQuality "1"]

1. e4 c5 2. b3 d6 3. Bb2 Nf6 4. Nc3 Nc6 5. Nge2 e5 6. Ng3 Be6 7. Bb5 a6 8. Bxc6+ bxc6 9. d3 h5 10. h3 h4 11. Nge2 g5 12. f3 Qd7 13. Na4 Qc7 14. Bc3 Bh6 15. Bd2 Nh5 16. Nb2 Nf4 17. Kf2 d5 18. Na4 Bf8 19. Qe1 a5 20. Be3 Qa7 21. Kf1 d4 22. Bd2 f6 23. Nb2 Bd6 24. a4 Kd7 25. Nd1 Kc7 26. Nf2 f5 27. Bxf4 gxf4 28. exf5 Bxf5 29. Ng4 Kb6 30. Qd2 Qh7 31. Kf2 Qg6 32. Rhd1 Raf8 33. Ng1 Rh7 34. Rab1 Ka6 35. Ke2 Re8 36. Kf1 Rf8 37. Ke1 Re8 38. Kf2 Rf8 39. Ke2 Re8 40. Kf2 Rf8 41. Ne2 Kb6 42. Rf1 Bxg4 43. fxg4 e4 44. dxe4 Qxe4 45. Ng1 Qe3+ 46. Qxe3 fxe3+ 47. Ke2 Rhf7 48. Rxf7 Rxf7 49. Rf1 Rxf1 50. Kxf1 c4 51. bxc4 Kc5 52. Ke1 Kxc4 53. Kd1 c5 54. Nf3 Kc3 55. Nxh4 d3 56. cxd3 Kxd3 57. Nf3 e2+ 58. Kc1 Bg3 59. Kb1 e1Q+ 60. Nxe1+ Bxe1 61. g5 c4 62. g6 c3 63. g7 c2+ 64. Ka2 c1Q 65. g8Q Qc2+ 0-1